| 000 | 00444nam a22001577a 4500 | ||
|---|---|---|---|
| 005 | 20251110154653.0 | ||
| 008 | 251110b |||||||| |||| 00| 0 eng d | ||
| 020 | _a979-8-88715-050-5 | ||
| 100 | _aWATSON, KIARA | ||
| 245 | _aPRINCIPLES OF VOCATIONAL TRAINING | ||
| 260 |
_aDUBLIN _bORYSON PRESS _c2023 |
||
| 300 | _aXI, 304P. | ||
| 500 | _aINCLUDES INDEX | ||
| 650 | _a1. VOCATIONAL EDUCATION 2. APPRENTICESHIP PROGRAMS | ||
| 942 |
_2lcc _cBK |
||
| 999 |
_c216157 _d216157 |
||